| 000 | 00343nam a2200145Ia 4500 | ||
|---|---|---|---|
| 008 | 230312s9999||||xx |||||||||||||| ||und|| | ||
| 020 | _a0-03768-044-5 | ||
| 082 |
_a725.31 _bUFF-S |
||
| 100 | _aUffelen;Chris,Van | ||
| 245 | 0 | _aStations | |
| 260 |
_bJeremy _aUSA _c2012 |
||
| 300 | _a255 | ||
| 650 |
_aArchitecture _vArchitecture |
||
| 942 | _cBK | ||
| 999 |
_c12701 _d12701 |
||